المومياوات المصرية. [الجزء الأول], من الموت إلى الخلود / Al-mūmyāwāt al-miṣriyyaẗ. [al-ǧuzʼ al-awwal], Min al-mawt ilá al-h̲ulūd

محفوظ في:

المؤلف الرئيسي: Roger Lichtenberg.

مؤلفون آخرون: Françoise Dunand, Māhir Ǧuwayǧātī.

التنسيق: كتاب

اللغة: Undetermined

منشور في: Al-Qāhirah : Dār al-Fikr lil-Dirāsāt wa-al-Nashr wa-al-Tawzīʻ, 1997.

الموضوعات:

الوسوم: إضافة وسم

لا توجد وسوم, كن أول من يضع وسما على هذه التسجيلة!

رقم الطلب: DT62 .M7 D8212 V.1

LEADER 00893nam a2200193Ia 4500
008 240329s9999||||xx |||||||||||||| ||und||
020 |a 9789775091260 
050 4 |a DT62 .M7 D8212 V.1 
100 1 |a Roger Lichtenberg. 
245 1 0 |a المومياوات المصرية. [الجزء الأول], من الموت إلى الخلود / Al-mūmyāwāt al-miṣriyyaẗ. [al-ǧuzʼ al-awwal], Min al-mawt ilá al-h̲ulūd  |c Roger Lichtenberg 
264 1 |a Al-Qāhirah :  |b Dār al-Fikr lil-Dirāsāt wa-al-Nashr wa-al-Tawzīʻ,  |c 1997. 
300 |a 134  |b illustrations, cartes  |c 24 
650 |a Égypte Histoire religieuse Jusqu'à 332 av. J.-C 
650 |a Momies Égypte Antiquité 
650 |a Mort Aspect religieux Égypte Antiquité 
650 |a Rites et cérémonies funéraires égyptiens Égypte Antiquité 
700 1 |a Françoise Dunand, Māhir Ǧuwayǧātī. 
942 |2 lcc  |c BK 
999 |c 57847  |d 57847